Grundinformation theologische Ethik / Wolfgang Lienemann
Record details
- ISBN: 978-3-8252-3138-5
- Physical Description: 319 s.
- Publisher: Göttingen : Vandenhoeck & Ruprecht, 2008
Search for related items by subject
| Subject: | křesťanská etika |
Search for related items by series
Available copies
- 2 of 2 copies available at Common Catalog SPOK.
Holds
- 0 current holds with 2 total copies.
Show Only Available Copies
| Location | Call Number / Copy Notes | Barcode | Shelving Location | Status | Due Date |
|---|---|---|---|---|---|
| Jabok Library | ET-6/L | 424480027266 | Odborná literatura | Available | - |
| Jabok Library | ET-6/L | 424480033228 | Odborná literatura | Available | - |
Electronic resources
Version of Resource: Inhaltsverzeichnis
| LDR | 00748cam a22002657a 4500 | ||
|---|---|---|---|
| 001 | 18168 | ||
| 003 | CZ-PrJAB | ||
| 005 | 20150527113417.0 | ||
| 007 | ta | ||
| 008 | 111018s2008 gw f |||| 0 ger d | ||
| 020 | . | ‡a978-3-8252-3138-5 | |
| 035 | . | ‡a(CZ PrCU)001389549 | |
| 040 | . | ‡aABD064 ‡bcze | |
| 041 | 0 | . | ‡ager |
| 080 | . | ‡a241 ‡2s | |
| 100 | 1 | . | ‡aLienemann, Wolfgang |
| 245 | 1 | 0. | ‡aGrundinformation theologische Ethik / ‡cWolfgang Lienemann |
| 260 | . | ‡aGöttingen : ‡bVandenhoeck & Ruprecht, ‡c2008 | |
| 300 | . | ‡a319 s. | |
| 490 | 1 | . | ‡aUTB ; ‡v3138 |
| 650 | 0 | 7. | ‡akřesťanská etika ‡7ph138484 ‡2czenas |
| 653 | 0 | . | ‡aEtika ‡aKřesťanská etika ‡aTeologická etika ‡aEtika |
| 856 | 4 | 1. | ‡yInhaltsverzeichnis ‡uhttp://www.gbv.de/dms/bs/toc/568517245.pdf |
| 910 | . | ‡aABG312 | |
| 901 | . | ‡a18168 ‡b ‡c18168 ‡tbiblio | |